[Event "IND-ch (Women) 48th"]
[Site "Hatkanangale"]
[Date "2023.01.03"]
[Round "9"]
[White "Keshavi"]
[Black "Arya, Dabholkar"]
[Result "1/2-1/2"]
[WhiteElo "1126"]
[BlackElo "1179"]
[PlyCount "80"]
[EventDate "2022.12.26"]
[EventType "swiss"]
[EventRounds "11"]
[EventCountry "IND"]
[SourceTitle "CBM 212 Extra"]
[Source "ChessBase"]
[SourceDate "2023.03.31"]
[SourceVersion "1"]
[SourceVersionDate "2023.03.31"]
[SourceQuality "1"]

1. e4 c6 2. Nc3 d5 3. d4 dxe4 4. Nxe4 Nf6 5. Nxf6+ exf6 6. Nf3 Bg4 7. c3 Bd6 8. Qe2+ Be7 9. Bf4 0-0 10. Qd3 Re8 11. Be2 Bd6 12. Bxd6 Qxd6 13. 0-0 Nd7 14. h3 Bh5 15. Rfe1 Nb6 16. Nh4 Bxe2 17. Rxe2 Nd5 18. g3 Qd7 19. Kh2 Rad8 20. Rae1 Re6 21. Ng2 Rde8 22. Ne3 Rd8 23. Nc4 Nc7 24. Qf3 h6 25. Ne3 Rde8 26. Nc2 Nd5 27. Ne3 Nxe3 28. Rxe3 Qd5 29. Qxd5 cxd5 30. Kg2 f5 31. Re5 Rxe5 32. Rxe5 Rxe5 33. dxe5 Kf8 34. Kf3 Ke7 35. Ke3 Ke6 36. f4 b6 37. Kd4 f6 38. exf6 gxf6 39. b3 Kd6 40. a3 b5 1/2-1/2

[Event "IND-ch (Women) 48th"]
[Site "Hatkanangale"]
[Date "2022.12.26"]
[Round "1"]
[White "Arya, Dabholkar"]
[Black "Bristy, Mukherjee"]
[Result "0-1"]
[WhiteElo "1179"]
[BlackElo "1817"]
[PlyCount "70"]
[EventDate "2022.12.26"]
[EventType "swiss"]
[EventRounds "11"]
[EventCountry "IND"]
[SourceTitle "CBM 212 Extra"]
[Source "ChessBase"]
[SourceDate "2023.03.31"]
[SourceVersion "1"]
[SourceVersionDate "2023.03.31"]
[SourceQuality "1"]

1. e4 g6 2. d4 Bg7 3. Nf3 c5 4. Be3 Nc6 5. c3 cxd4 6. cxd4 d6 7. Qd2 Nf6 8. Nc3 Bd7 9. Be2 a6 10. 0-0 Rc8 11. Rfd1 0-0 12. Bh6 Na5 13. Bxg7 Kxg7 14. e5 Ne8 15. Ne4 Nc4 16. Bxc4 Rxc4 17. Rac1 Rxc1 18. Rxc1 Qb6 19. Rc3 Nc7 20. Qc2 Nd5 21. Rb3 Ba4 22. Rxb6 Bxc2 23. Rxb7 Bxe4 24. Ng5 Bf5 25. f3 h6 26. Ne4 dxe5 27. dxe5 Rc8 28. h3 Rc7 29. Rxc7 Nxc7 30. Nc5 Bc8 31. Kf2 Ne6 32. Nxe6+ Bxe6 33. a3 f6 34. f4 fxe5 35. fxe5 Bd5 0-1